Slávnostné zasadnutie v Banskej Bystrici

Bibliographic Details
Main Author: Mindák, K. (Author)
Format: Article
Language:Slovak
Subjects:

MARC

LEADER 00000nab a2200000 a 4500
001 vtls000307167
003 SK-MaSNL
005 20260302214819.0
008 140328c1988 xo 0 slo
015 |a SNBRB19rr/mm-uuuuu 
035 |a CL0317286 
040 |a SNKBUCL  |b slo  |c SNKBUCL  |e AACR2 
041 0 |a slo 
044 |a xo  |c SK 
080 |a 282  |2 1981 
100 1 |a Mindák, K.  |4 aut  |9 942536 
245 1 0 |a Slávnostné zasadnutie v Banskej Bystrici  |c K. Mindák 
650 0 7 |a Združenie katolíckych duchovných Pacem in terris  |2 snkbucl  |9 902356 
655 7 |a články z novín a časopisov  |2 snkbucl  |9 267496 
773 0 |t Duchovný pastier  |g Roč. 69, č. 2 (1988), s. 72-73 
850 |a Slovenská národná knižnica v Martine  |a MTA001 
852 |a SNK  |b KIS3GCP 
957 |a 5301 
958 |a RK 
992 |a RBX 
999 |c 1499692  |d 1501622